The practice of silviculture (Record no. 9634)
[ view plain ]
| 000 -LEADER | |
|---|---|
| fixed length control field | 00233nam a22001217a 4500 |
| 040 ## - CATALOGING SOURCE | |
| Transcribing agency | SY |
| 082 ## - DEWEY DECIMAL CLASSIFICATION NUMBER | |
| Classification number | 634 |
| 100 ## - MAIN ENTRY--AUTHOR NAME | |
| Personal name | DAVID M |
| 245 ## - TITLE STATEMENT | |
| Title | The practice of silviculture |
| 260 ## - PUBLICATION, DISTRIBUTION, ETC. (IMPRINT) | |
| Place of publication | RUA |
| Name of publisher | DAV |
| Year of publication | 1986 |
| 300 ## - PHYSICAL DESCRIPTION | |
| Number of Pages | 517p. |
| 942 ## - ADDED ENTRY ELEMENTS (KOHA) | |
| Koha item type | សៀវភៅភាសាអង់គ្លេស |
| 952 ## - LOCATION AND ITEM INFORMATION (KOHA) | |
| Withdrawn status [LOCAL, KOHA] | 0 |
| 952 ## - LOCATION AND ITEM INFORMATION (KOHA) | |
| Withdrawn status [LOCAL, KOHA] | 0 |
| Permanent Location | Date acquired | Koha item type | Lost status | Shelving location | Barcode | Current Location | Full call number |
|---|---|---|---|---|---|---|---|
| Library Block C | 2016-09-06 | សៀវភៅភាសាអង់គ្លេស | C061 | RUA057925 | Library Block C | 634 DAV 1986 C61 | |
| Library Block C | 2016-09-06 | សៀវភៅភាសាអង់គ្លេស | C061 | A00244 | Library Block C | 634 DAV 1986 C61 |